Yo escogí el claustro / (Record no. 80928)

MARC details
000 -LEADER
campo de control de longitud fija 00582nam a2200193 i 4500
001 - NÚMERO DE CONTROL
campo de control 80928
003 - IDENTIFICADOR DE NÚMERO DE CONTROL
campo de control ES-MaACL
005 - FECHA Y HORA DE LA ÚLTIMA TRANSACCIÓN
campo de control 20250808062531.0
007 - CAMPO FIJO DE DESCRIPCIÓN FÍSICA--INFORMACIÓN GENERAL
campo de control de longitud fija t|
008 - DATOS DE LONGITUD FIJA--INFORMACIÓN GENERAL
campo de control de longitud fija 041102s1958 sp ||||1| spa d
100 1# - ENTRADA PRINCIPAL--NOMBRE DE PERSONA
Nombre de persona Howard-Bennett, Rosemary.
9 (RLIN) 64390
245 10 - MENCIÓN DEL TÍTULO
Título Yo escogí el claustro /
Mención de responsabilidad, etc. Rosemary Howard-Bennett ; versión española de J. Fons Perales.
260 ## - PUBLICACIÓN, DISTRIBUCIÓN, ETC.
Lugar de publicación, distribución, etc. San Sebastian :
Nombre del editor, distribuidor, etc. Dinor,
Fecha de publicación, distribución, etc. 1958 (
Lugar de fabricación/manufactura Burgos :
Fabricante Aldecoa)
300 ## - DESCRIPCIÓN FÍSICA
Extensión 214 p. ;
Dimensiones 19 cm.
490 1# - MENCIÓN DE SERIE
Mención de serie Prisma
830 00 - PUNTO DE ACCESO ADICIONAL DE SERIE-TÍTULO UNIFORME
Título uniforme Prisma
9 (RLIN) 180749
852 ## - LOCALIZACIÓN
Ubicación ES-MaACL
Número de control de estantería C-14267
Sublocalización o colección R.41836
Holdings
Estatus retirado Estado de pérdida Estado de daño No para préstamo Biblioteca de origen Biblioteca actual Ubicación en estantería Fecha de adquisición Fuente de adquisición Total de préstamos Signatura topográfica completa Código de barras Visto por última vez Precio de reemplazo Tipo de ítem Koha
        Biblioteca del Ateneo de Madrid Biblioteca del Ateneo de Madrid Sala Palomar 17/01/2008     C-14267 1084604 23/02/2023 23/02/2023 Libro impreso